Prinsip-prinsip administrasi kepegawaian / (Record no. 87688)
[ view plain ]
| 000 -LEADER | |
|---|---|
| fixed length control field | 00604cam a22002171a 4500 |
| 001 - CONTROL NUMBER | |
| control field | sa 68017375 |
| 003 - CONTROL NUMBER IDENTIFIER | |
| control field | DLC |
| 005 - DATE AND TIME OF LATEST TRANSACTION | |
| control field | 20260227112702.0 |
| 008 - FIXED-LENGTH DATA ELEMENTS--GENERAL INFORMATION | |
| fixed length control field | 840105m19679999io 000 0 ind |
| 010 ## - LIBRARY OF CONGRESS CONTROL NUMBER | |
| LC control number | sa 68017375 |
| 035 ## - SYSTEM CONTROL NUMBER | |
| System control number | (OCoLC)10268036 |
| 040 ## - CATALOGING SOURCE | |
| Original cataloging agency | DLC |
| Transcribing agency | OAU |
| Modifying agency | DLC |
| 042 ## - AUTHENTICATION CODE | |
| Authentication code | premarc |
| 050 00 - LIBRARY OF CONGRESS CALL NUMBER | |
| Classification number | HF5549 |
| Item number | .M3345 |
| 100 1# - MAIN ENTRY--PERSONAL NAME | |
| Personal name | Maskun, Sumitro. |
| 245 10 - TITLE STATEMENT | |
| Title | Prinsip-prinsip administrasi kepegawaian / |
| Statement of responsibility, etc. | Soemitro Maskoen. |
| 260 ## - PUBLICATION, DISTRIBUTION, ETC. | |
| Place of publication, distribution, etc. | Bandung : |
| Name of publisher, distributor, etc. | Akademi Pemenrintahan Dalam Negeri, |
| Date of publication, distribution, etc. | 1967- |
| 300 ## - PHYSICAL DESCRIPTION | |
| Extent | v. ; |
| Dimensions | 28 cm. |
| 500 ## - GENERAL NOTE | |
| General note | Cover title. |
| 650 #0 - SUBJECT ADDED ENTRY--TOPICAL TERM | |
| Topical term or geographic name entry element | Personnel management. |
No items available.